Fr. Conceicao Rodrigues College of Engineering

Microelectronics Circuits (Record no. 23310)

MARC details
000 -LEADER
fixed length control field 00325nam a2200145Ia 4500
100 ## - MAIN ENTRY--PERSONAL NAME
Personal name Sedva/Adels/ Smith/ K.C.
250 ## - EDITION STATEMENT
Edition statement 4
245 ## - TITLE STATEMENT
Title Microelectronics Circuits
260 ## - PUBLICATION, DISTRIBUTION, ETC.
Name of publisher, distributor, etc. Oxford university
Place of publication, distribution, etc. New Jersey
Date of publication, distribution, etc. 1998
300 ## - PHYSICAL DESCRIPTION
Extent 1237
546 ## - LANGUAGE NOTE
Language note ENGLISH
654 ## - SUBJECT ADDED ENTRY--FACETED TOPICAL TERMS
Focus term microelectronics
942 ## - ADDED ENTRY ELEMENTS (KOHA)
Koha item type BOOK
Holdings
Withdrawn status Lost status Damaged status Not for loan Collection Home library Current library Date acquired Total Checkouts Full call number Barcode Date last seen Price effective from Koha item type
        CRC Fr. Agnel's C.Rodrigues College of Engineering Fr. Agnel's C.Rodrigues College of Engineering 17/03/2023   10421 17/03/2023 17/03/2023 BOOK